| Tag |
First Indicator |
Second Indicator |
Subfields |
| LEADER |
00000cam a2200000Ia 4500 |
| 001 |
in00002016362 |
| 005 |
20151031144413.0 |
| 008 |
040823s1982 ru 000 1 rusod |
| 035 |
|
|
|a (OCoLC)ocm56335792
|
| 040 |
|
|
|a MIA
|c MIA
|d TXA
|d UtOrBLW
|
| 049 |
|
|
|a TXAM
|
| 090 |
|
|
|a PG7158.K84
|b C8417 1982
|
| 100 |
1 |
|
|a Kuncewiczowa, Maria,
|d 1897-1989.
|
| 240 |
1 |
0 |
|a Cudzoziemka.
|l Russian
|
| 245 |
1 |
0 |
|a Chuzhezemka /
|c Marii︠a︡ Kuntsevich ; perevod s polʹskogo T. Lurʹe.
|
| 264 |
|
1 |
|a Moskva :
|b Khudozh. lit-ra,
|c 1982.
|
| 300 |
|
|
|a 221 pages ;
|c 20 cm.
|
| 336 |
|
|
|a text
|b txt
|2 rdacontent
|
| 337 |
|
|
|a unmediated
|b n
|2 rdamedia
|
| 338 |
|
|
|a volume
|b nc
|2 rdacarrier
|
| 490 |
1 |
|
|a Zarubezhnyĭ roman XX veka
|
| 500 |
|
|
|a Translation of Cudzoziemka.
|
| 830 |
|
0 |
|a Zarubezhnyĭ roman XX veka.
|
| 948 |
|
|
|a cataloged
|b h
|c 2004/11/30
|d c
|e spoltoratski
|f 2:01:35 pm
|
| 994 |
|
|
|a E0
|b TXA
|
| 999 |
|
|
|a MARS
|
| 999 |
f |
f |
|s 55b9510a-3e13-3e05-a2fd-67eba72fdc6f
|i ae231884-19f7-38a3-b82c-193369a4ee5b
|t 0
|
| 952 |
f |
f |
|p ric
|a Texas A&M University
|b Rellis Campus
|c Joint Library Facility
|s JLF
|d Remote Storage
|t 0
|e PG7158.K84 C8417 1982
|h Library of Congress classification
|i unmediated -- volume
|m A14831595996
|
| 998 |
f |
f |
|a PG7158.K84 C8417 1982
|t 0
|l Remote Storage
|